000 00376pab a2200145 454500
008 180718b1988 xxu||||| |||| 00| 0 eng d
100 _aDandavate, Madhu
245 _aRole of Parliament in Indian political System
260 _c1988
300 _a3-12
362 _aMar.
650 _aLegislators - India
773 _aJournal of Parliamentary Information
909 _a12564
999 _c12564
_d12564